00955nam a2200241 i 450000100060000000300090000600500170001500700030003200800410003502000180007608000340009410000420012824500880017026000680025830000300032649000290035660000490038571000700043483000370050485200330054199900170057495201220059115898ES-MaACL20231227062626.0t|000517s1998 sp ||||1| spa d a84-7846-774-2 a929 Menéndez Pidal, Ramón1 aPérez Pascual, X. Ignácio.99107510aRamón Menéndez Pidal b: ciencia y pasión / cJosé Ignacio Pérez Pascual. a[Valladolid] : bConsejería de Educación y Cultura, c1998. a398 p. : bil. ; c24 cm.1 aVillalar 98. Serie maior14aMenéndez Pidal, Ramón,d1869-19689803152 aCastilla y León. bConsejería de Educación y Cultura.925000 aVillalar 98. Serie maior9179834 aES-MaACLjL-22872 bR.128290 c15898d15898 00104070aATENEOMbATENEOMcDEPO2d2008-01-17eSCl0oL-22872p1016158r2023-02-23 00:00:00w2023-02-23yMONOGRAFIA